| 000 | 01169nam a2200289Ia 4500 | ||
|---|---|---|---|
| 005 | 20260324130519.0 | ||
| 008 | 008 260324s9999 xx 000 0 eng d | ||
| 020 | _a9781315221793 | ||
| 037 | _aEBOOK | ||
| 040 | _aCRL | ||
| 040 | _beng | ||
| 040 | _cCRL | ||
| 041 | _2eng | ||
| 041 | _aeng | ||
| 084 | _qCRL | ||
| 100 |
_aAlessandro Neri; Karen Egiazarian; Jaakko Astola; Aggelos K. Katsaggelos; Dimitrios Hatzinakos; Aristidis Likas; Rafael Molina; Filip Sroubek; Jan Flusser; Tom E. Bishop; S. Derin Babacan; Bruno Amizic; Tony Chan; Stefania Colonnese; Giampiero Panci; Gaetano Scarano; Vladimir Katkovnik; Nikolas P. Galatsanos; Oleg V. Michailovich; Andre Jalobeanu; Laure Blanc-Feraud; Eric Pantin; Jean-Luc Starck; Fionn Murtagh; Gabriel Cristobal; Alexia Giannoula; Jianxin Han; Robert Plemmons; Patrizio Campisi; Josiane Zerubia _91182072 |
||
| 245 | 0 | _aBlind Image Deconvolution | |
| 245 | 0 | _bTheory and Applications | |
| 260 | _bTaylor and Francis | ||
| 260 | _c2007 | ||
| 365 | _a | ||
| 365 | _b465 | ||
| 856 | _uhttp://www.taylorfrancis.com/books/9781315221793 | ||
| 942 | _cEBOOK | ||
| 999 |
_c1778293 _d1778293 |
||